000
00292nam a22001217a 4500
008
171123b xxu||||| |||| 00| 0 eng d
041
_a
eng
080
_a
53
100
_a
43
101
_a
FIZ
245
_a
PSYSICS FOR STUDENT OF SCIENCE AND ENGINEERING
_c
RESNICK.H
942
_2
udc
_c
BK
999
_c
38313
_d
38313